វិទ្យាសាស្ត្រ-សិក្សាសង្គម ថ្នាក់ទី១ / (Record no. 8896)
[ view plain ]
| 000 -LEADER | |
|---|---|
| fixed length control field | 02208nam a22002657a 4500 |
| 001 - CONTROL NUMBER | |
| control field | 8896 |
| 003 - CONTROL NUMBER IDENTIFIER | |
| control field | FISKH |
| 005 - DATE AND TIME OF LATEST TRANSACTION | |
| control field | 20251030101424.0 |
| 008 - FIXED-LENGTH DATA ELEMENTS--GENERAL INFORMATION | |
| fixed length control field | 251030b cb ||||| |||| 00| 0 eng d |
| 020 ## - INTERNATIONAL STANDARD BOOK NUMBER | |
| International Standard Book Number | 9789995001551 |
| 040 ## - CATALOGING SOURCE | |
| Original cataloging agency | FISKH |
| Language of cataloging | khr |
| Transcribing agency | FISKH |
| Modifying agency | FISKH |
| 050 ## - LIBRARY OF CONGRESS CALL NUMBER | |
| Classification number | PZ7 |
| 082 ## - DEWEY DECIMAL CLASSIFICATION NUMBER | |
| Classification number | 372 |
| 100 ## - MAIN ENTRY--PERSONAL NAME | |
| Personal name | Kimsan, Eung |
| 245 ## - TITLE STATEMENT | |
| Title | វិទ្យាសាស្ត្រ-សិក្សាសង្គម ថ្នាក់ទី១ / |
| Statement of responsibility, etc. | គណះកម្មការនិពន្ធ លោកស្រី អុឺង គឹមសាន , លោកស្រី ថាច់ ធីសារ៉ន , លោកស្រី វ៉ាន់ សុភី, លោក ងិន សុភាព និង លោក មាស ជុតិមា |
| 260 ## - PUBLICATION, DISTRIBUTION, ETC. | |
| Place of publication, distribution, etc. | ភ្នំពេញ : |
| Name of publisher, distributor, etc. | គ្រឹះស្ថានបោះពុម្ពនិងចែកផ្សាយ , |
| Date of publication, distribution, etc. | 2023 . |
| 300 ## - PHYSICAL DESCRIPTION | |
| Extent | 92 pages : |
| Other physical details | illustrations ; |
| Dimensions | 25 cm . |
| 520 ## - SUMMARY, ETC. | |
| Summary, etc. | សៀវភៅនេះសម្បូរទៅដោយរូបភាពដែលបង្កប់ខ្លឹមសារ ពាក្យដំបូន្មាន ព័ត៏មានផ្សេងៗអាចធ្វើអោយប្អូនៗងាយយល់ និងសប្បាយរីករាយថែមទៀត ។ តាមរយះសៀវភៅនេះ ប្អូនៗអាចរៀនធ្វើលំហាត់ ហាត់ធ្វើការសង្កេត ពណ៏នា ចែកថ្នាក់ ស្រាវជ្រាវ និងវិភាគខ្លឹមសារមេរៀនដោយខ្លួនឯង ។ |
| 520 ## - SUMMARY, ETC. | |
| Summary, etc. | This book is full of pictures that contain meaningful content, advice, and various information that help students understand more easily and enjoy learning even more. Through this book, students can practice doing exercises, observing, describing, classifying, researching, and analyzing the lesson content on their own. |
| 650 ## - SUBJECT ADDED ENTRY--TOPICAL TERM | |
| Topical term or geographic name entry element | វិទ្សាសាស្រ្ត-សិក្សាសង្គម |
| 650 ## - SUBJECT ADDED ENTRY--TOPICAL TERM | |
| Topical term or geographic name entry element | Science and Social Studies |
| 700 ## - ADDED ENTRY--PERSONAL NAME | |
| Personal name | Sovanna, Long |
| Relator term | Illustrator |
| 942 ## - ADDED ENTRY ELEMENTS (KOHA) | |
| Source of classification or shelving scheme | Dewey Decimal Classification |
| Koha item type | Khmer Books |
| Suppress in OPAC | No |
| Withdrawn status | Lost status | Source of classification or shelving scheme | Damaged status | Not for loan | Collection | Home library | Current library | Shelving location | Date acquired | Total Checkouts | Full call number | Barcode | Date last seen | Price effective from | Koha item type |
|---|---|---|---|---|---|---|---|---|---|---|---|---|---|---|---|
| Dewey Decimal Classification | Reference | Footprints International School Library Network Toul Tom Poung Campus | Footprints International School Library Network Toul Tom Poung Campus | TTP Primary Khmer Bookshelves | 10/30/2025 | KIM PZ7 372 | 2025-4765 | 10/30/2025 | 10/30/2025 | Khmer Books |
